000 00981nam a22002897a 4500
001 BR6900596
003 BR-BrBNA
005 20230928083544.0
007 ta
008 230509b bl.||||| |||| 00| 0 por d
040 _aBR-BrBNA
_bpor
_cBiblioteca Nacional de Agricultura
041 _a(Por)
072 _aQ10
_b1112
_b9310
_b/G514
090 _ 1112 BR6900596
110 1 _aBanco do Nordeste do Brasil S.A., Fortaleza, CE. Depto. de Estudos Economicos do Nordeste
_91157
245 1 _aFarinhas de banana. Resultado de pesquisas tecnologicas [Ceara, Brasil]
260 3 _aFortaleza, CE (Brasil):
_c1969.
300 _a45 p.
500 _a(*) Documento disponível no(a) Banco do Nordeste do Brasil S.A., Fortaleza, CE. Depto. de Estudos Economicos do Nordeste
650 _aBANANA
650 _aFARINHA
650 _aINDUSTRIA ALIMENTICIA
650 _aSECAGEM ARTIFICIAL
650 _aMECANIZACAO INDUSTRIAL
909 _a202309
_bLucia
_c55
_dLucia Elande
942 _cBK
999 _c14145
_d14145